000 00479nam a2200169 a 4500
005 20240228063734.0
008 991125s1951 mx 000 0 spa u
035 _aUPN01000052336
049 _aCG
050 4 _aPN6110 C4
_bJ3.7
100 1 _aJáuregui, A. L.
245 1 0 _aRimas infantiles :
_bpara jardines de niños y escuelas primarias /
_cA. L. Jáuregui.
260 _aMéxico :
_bPatria,
_c1951.
300 _a72 p.
650 4 _aRimas infantiles
_910247
905 _aLibro
999 _c52336
_d52336